000 00833cam a22002654a 4500
003 UPN
005 20240502090541.0
008 070619s2005 mx r 000 0 spa d
020 _a9681676408
035 _aUPN01000150535
040 _aUPN
_bspa
_cUPN
049 _aCG
050 4 _aB105 I4.9
_bB3.2
100 1 _aBachelard, Gastón,
_d1884-1962
_928110
245 1 3 _aEl agua y los sueños :
_bensayo sobre la imaginación de la materia /
_cGastón Bachelard ; tr. Ida Vitale.
260 _aMéxico :
_bFCE,
_c2005.
300 _a248 p.
490 0 _aConmemorativa 70 aniversario ;
_v18
534 _pTraducción de:
_tL'eau et les réves : essai sur l'imagination de la matière
650 4 _aImaginación (Filosofía)
_916107
650 4 _aAgua
_92210
650 4 _aSueños
_91571
905 _aLibro
942 _2lcc
_cLIBRO
999 _c122676
_d122676